000 00465nam a2200193Ia 4500
005 20250425161502.0
008 250425s9999 xx 000 0 und d
041 _aspa
082 _a615.19
100 _aMARTIN, ALFRED N.
245 0 _aPRINCIPIOS DE FÍSICO-QUÍMICA PARA FARMACIA Y BIOLOGÍA
250 _a1A ED.
260 _aEspaña
_bALHAMBRA
_c1967
260 _aMADRID
300 _a744
650 _aFARMACOLOGIA
942 _c01
010 _a21389
999 _c210218
_d210218